000 00345nam a2200145Ia 4500
999 _c14330
_d14330
003 OSt
005 20260218172240.0
008 260210s9999 xx 000 0 und d
020 _a9798182900331
100 _aAjay Khare
245 0 _aTemple Architecture Of Eastern India
260 _bShubhi Publication
300 _a212p;
942 _cUG
_2ddc